| 000 | 01133cam a2200313 a 4500 | ||
|---|---|---|---|
| 999 |
_c330745 _d330745 |
||
| 001 | 16627644 | ||
| 003 | NUST | ||
| 005 | 20180116121337.0 | ||
| 008 | 110128s2011 nyuaf b 001 0 eng | ||
| 010 | _a 2011921821 | ||
| 020 | _a978-1846144578 | ||
| 020 | _a9781846144578 | ||
| 040 |
_aDLC _cDLC _dDLC |
||
| 042 | _apcc | ||
| 043 | _aa-pk--- | ||
| 050 | 0 | 0 |
_aDS389 _b.L54 2011 |
| 082 | 0 | 0 |
_a954.9105 _bLIE |
| 100 | 1 |
_aLieven, Anatol. _93726 |
|
| 245 | 1 | 0 |
_aPakistan : _ba hard country / _cAnatol Lieven. |
| 250 | _a1st ed. | ||
| 260 |
_aNew York : _bPublicAffairs, _c2011. |
||
| 300 |
_axv, 560 p., [16] p. of plates : _bill. ; _c25 cm. |
||
| 504 | _aIncludes bibliographical references (p. 496-505) and index. | ||
| 651 | 0 |
_aPakistan _xPolitics and government _y1988- _9384 |
|
| 651 | 0 |
_aPakistan _xSocial conditions _y21st century. _93727 |
|
| 651 | 0 |
_aPakistan _xHistory. _939 |
|
| 906 |
_a7 _bcbc _corignew _d2 _eepcn _f20 _gy-gencatlg |
||
| 942 |
_2ddc _cBK |
||